| 000 | 00790nam a22001457a 4500 | ||
|---|---|---|---|
| 082 |
_a158 _bCHO/P |
||
| 100 | _aCHOPRA,DEEPAK | ||
| 245 | _aPOWER FREEDOM AND GRACE: LIVING FROM THE SOURCE OF LASTING HAPPINESS | ||
| 246 |
_aPOWER FREEDOM AND GRACE: LIVING FROM THE SOURCE OF LASTING HAPPINESS _bPOWER FREEDOM AND GRACE: LIVING FROM THE SOURCE OF LASTING HAPPINESS |
||
| 260 |
_aU S A _bAMBER-ALLEN PUBLICATIONS |
||
| 300 | _a220 | ||
| 520 | _a When we understand our true nature, we begin to live from the source of true happiness, which is not mere happiness for this or that reason, but true inner joy. When we know who we are, we allow the universe to flow through us with effortless ease, and our lives are infused with power, freedom, and grace. | ||
| 650 | _aPSYCOLOGICAL | ||
| 942 | _cBK | ||
| 999 |
_c8473 _d8473 |
||